| 000 | 01437nam a2200277 i 4500 | ||
|---|---|---|---|
| 001 | 82039 | ||
| 003 | ES-MaACL | ||
| 005 | 20251015063106.0 | ||
| 007 | t| | ||
| 008 | 041116s1892 sp |||| | spa d | ||
| 100 | 1 |
_aCarrasco y Saiz del Campo, Adolfo, _d1830-1906 _935577 |
|
| 245 | 1 | 0 |
_aDescubrimiento y conquista de Chile / _cconferencia de Adolfo Carrasco, leída el 25 de febrero de 1892. |
| 260 |
_aMadrid : _b[s.n.], _c1892 ( _fSucesores de Rivadeneyra) |
||
| 300 |
_a93 p. ; _c25 cm. |
||
| 500 | _aForma parte de: "El continente americano : conferencias dadas en el Ateneo Científico, Literario y Artístico de Madrid con motivo del Cuarto Centenario del Descubrimiento de América". Madrid, 1894, tít. que agrupa todas las conferencias del ciclo en tres volúmenes, cada una de ellas con port. y año propios. Esta publicación pertenece al t. 2º. | ||
| 500 | _aPrecede al tít.: Ateneo de Madrid. | ||
| 610 | 2 | 4 |
_aAteneo de Madrid- _vConferencias- _yS.XIX. _91910 |
| 610 | 2 | 4 |
_aAteneo de Madrid- _vObras digitalizadas. _91930 |
| 651 | 4 |
_aChile- _xHistoria- _y1535-1560, descubrimiento y conquista. _98039 |
|
| 740 | 3 | 2 | _aEl continente americano. |
| 852 |
_aES-MaACL _jR-2604(7) |
||
| 852 |
_aES-MaACL _j2152-F-18 _cDEPOF _zRevisado enlace: 20 de Abril de 2025 |
||
| 856 |
_uhttp://www.ateneodemadrid.com/biblioteca_digital/folletos/Folletos-0044.pdf _yVer documento |
||
| 942 | _2udc | ||
| 999 |
_c82039 _d82039 |
||